000 00875nam a22002417a 4500
005 20090706143026.0
008 090706t xxu||||| |||| 00| 0 eng d
010 _aENG-94313
020 _a8189537253
_c495.00
020 _a9788189537258
_c495.00
035 _aEN-77846
037 _bDBAD / PUB
040 _adpl
_bEnglish
082 _a810.8
100 _aShastri, Satya Vrat
245 _aSanskrit studies:
_cby Satya Vrat Shastri
_bnew perspectives /
260 _aDelhi
_bYash Publications
_c2007
270 _aX/909, Chand Mohalla, Gandhi Nagar,
_bDelhi
_e110031
300 _avi, 211p.
_c23cm(Hb)
500 _aIncludes index
942 _2ddc
_cEN
_mSHA
_h810.8
999 _c28075
_d28075